000 00937nam a2200253 a 4500
001 000027650
003 DO-SdBNP
005 20250625133924.0
008 110404s1974 dr c 000 0 spa d
040 _aDO-SdBNP
_bspa
_cBNPHU
082 4 _a972.9304
_bM425e 1974
_222
100 1 _aMateizan, Manuel de
_954739
245 1 0 _aEpisodios de la revolución desunionista :
_b21 de enero y 27 de mayo de 1904 /
_cManuel de Mateizan.
250 _a2a. ed.
260 _aSanto Domingo :
_bSecretaría de Educación,
_c1974.
300 _a54 p. :
_bil., retrs. ;
_c21 cm.
490 0 _aEnriquillo
500 _aIncluye referencias bibliográficas y notas al pie de las páginas
533 _aFacsimilar
_bSanto Domingo, Republica Dominicana
_cImp. Flor del Ozama
_d1906.
590 _aInventariado, 2018/LP
651 0 _aRepública Dominicana
_xHistoria
_y1844-1930
_91009
910 _aValidado. Control de calidad MFF
942 _2ddc
_cLBS1
999 _c27142
_d27142